'Almost a Statesman': East Central Europe's geography experts and the Paris Peace Conference
| Titel: | 'Almost a Statesman': East Central Europe's geography experts and the Paris Peace Conference / Maciej Górny |
|---|---|
| Verfasser: | |
| In: |
Journal of historical geography, Band 78 (2022), Seite 12-21 alle Artikel anzeigen |
| Veröffentlicht: | 2022 |
| Umfang: | Illustrationen |
| Format: | Aufsatz |
| Sprache: | Englisch |
X
alg: 51820373
001A $03025:13-05-24
001B $03025:13-05-24 $t11:29:35.000
001D $03025:13-05-24
001U $0utf8
001X $00
002@ $0Oou
002C $aText $btxt $2rdacontent
002D $aComputermedien $bc $2rdamedia
002E $aOnline-Ressource $bcr $2rdacarrier
003@ $0518203735
009Q $uhttps://doi.org/10.1016/j.jhg.2022.08.001 $xVolltext
010@ $aeng
010E $erda
011@ $a2022
021A $a'Almost a Statesman': East Central Europe's geography experts and the Paris Peace Conference $hMaciej Górny
028A $BVerfasser $#Górny, M. $#Gurnyj, Macej $#Gurnyj, M. $4aut $7124276962 $8Górny, Maciej$Z1976- [Tp1] $9154994979
031A $d78 $h12-21 $j2022
034M $aIllustrationen
039B $aEnthalten in $8--Obvc--. Journal of historical geography. - Amsterdam {[u.a.] : Elsevier, 1975-. - Online-Ressource $x202200000780000988 $9071811125
044K $#Peace Conference, Paris 1919-1920 $#Paris Peace Conference, Paris 1919-1920 $#Conférence de la Paix, Paris 1919-1920 $#Congrès de la Paix, Paris 1919-1920 $#Council of Four $#Conseil des Quatre $#Viererrat $#Viererkonferenz, Paris 1919-1920 $#Conferenza di Pace, Paris 1919-1920 $#Mirovna Konferenca, Paris 1919-1920 $#Pariška Mirovna Konferenca, Paris 1919-1920 $#Friedenskonferenz von Paris 1919/1920 $71217272-8 $8Pariser Friedenskonferenz$d1919-1920$cParis [Tf1] $9042394082
044K $RMitteleuropa $RVisegrád-Staaten $ROsteuropa $#Ostmitteleuropa $#Ostmitteleuropa $#Mitteleuropa, Ost $#Central Europe Ostmitteleuropa $#Mittelosteuropa $74075753-5 $8Ostmitteleuropa [Tg1] $9085214485
044K $RGeowissenschaftler $RGeografin $#Geographers $#Géographes $#Geografi $#geographers $#Geograph $#Geografen $#Geographen $74020214-8 $8Geograf [Ts1] $908504847X
044K $RGrenze $#Boundaries (Estates) $#Boundaries $#Frontières Droit $#Frontières $#Staatsgrenze $#Staatsgrenzen $74077781-9 $8Staatsgrenze [Ts1] $9085220418
045F $a911.43709041 $eDDC23BSB
045F/01 $a911
045F/03 $f09041
045F/03 $g437
045G $a909 $eDDC23BSB
045G/01 $a909
045G/03 $f09041
045G/03 $g437
045R $aGeschichte 1917-1920
lok: 51820373 78
exp: 51820373 78 1 #EPN
201B/01 $013-05-24 $t11:27:52.000
201C/01 $013-05-24
201U/01 $0utf8
203@/01 $01262583950
208@/01 $a13-05-24 $be
209A/01 $a/ $f000 $x00
209A/01 $ab*p $x01
220C/01 $apgar
244Z/01 $#Generalgouvernement Polen $#Polska $#Rzeczpospolita Polska $#Polska Rzeczpospolita Ludowa $#Poland $#Pologne $#République Polonaise $#Generalne Gubernatorstwo w Polsce $#Polish People's Republic $#Polska Rzeczpospolita Polen $#PRL $#RP $#Polen Generalgouvernement $#Polska Generalgouvernement $#Besetzte Polnische Gebiete $#Besetztes Gebiet in Polen $#Okupowane Polskie Obszary $#Obszary Okupowane w Polsce $#Volksrepublik Polen $#Polska Rosyjska $#Republic Polen $#Respublika Pol'ša $#Pol'skaja Narodnaja Respublika $#République de Pologne $#Polen Links der Weichsel $#Polska po Lewej Stronie Wisły $#Lenkija $#Polija $#Gubernija Carstva Pol'skago $#Republik Polen $74046496-9 $8--Tg1--Polen $x01 $9085129801
244Z/01 $#Ostmitteleuropa $#Ostmitteleuropa $#Mitteleuropa, Ost $#Central Europe Ostmitteleuropa $#Mittelosteuropa $74075753-5 $8--Tg1--Ostmitteleuropa $x05 $9085214485
247C/01 $82080>Marburg/Lahn, Herder-Institut, Forschungsbibliothek, Bibliographieportal $9336309341
| LEADER | 00000naa a2200000 c 4500 | ||
|---|---|---|---|
| 001 | 518203735 | ||
| 003 | DE-603 | ||
| 005 | 20240513112935.0 | ||
| 007 | cr|||||||||||| | ||
| 008 | 240513s2022 xx |||| o| u00||u|eng c | ||
| 035 | |a (DE-599)HEB518203735 | ||
| 040 | |a DE-603 |b ger |c DE-603 |d DE-603 |e rda | ||
| 041 | |a eng | ||
| 082 | 0 | 4 | |8 1\u |a 911.43709041 |q DE-101 |2 23/BSB |
| 083 | 0 | |8 2\u |a 909 |q DE-101 |2 23/BSB | |
| 085 | |8 1\u |b 911 | ||
| 085 | |8 1\u |z 1 |s 09041 | ||
| 085 | |8 1\u |z 2 |s 437 | ||
| 085 | |8 2\u |b 909 | ||
| 085 | |8 2\u |z 1 |s 09041 | ||
| 085 | |8 2\u |z 2 |s 437 | ||
| 100 | 1 | |a Górny, Maciej |d 1976- |e Verfasser |4 aut |0 (DE-603)154994979 |0 (DE-588)124276962 |2 gnd | |
| 245 | 0 | 0 | |a 'Almost a Statesman': East Central Europe's geography experts and the Paris Peace Conference |c Maciej Górny |
| 264 | 0 | |c 2022 | |
| 300 | |b Illustrationen | ||
| 336 | |a Text |b txt |2 rdacontent | ||
| 337 | |a Computermedien |b c |2 rdamedia | ||
| 338 | |a Online-Ressource |b cr |2 rdacarrier | ||
| 611 | 2 | 7 | |a Pariser Friedenskonferenz |d 1919-1920 |c Paris |2 gnd |0 (DE-588)1217272-8 |0 (DE-603)042394082 |
| 648 | 7 | |a Geschichte 1917-1920 |2 gnd | |
| 650 | 7 | |a Geograf |0 (DE-588)4020214-8 |0 (DE-603)08504847X |2 gnd | |
| 650 | 7 | |a Staatsgrenze |0 (DE-588)4077781-9 |0 (DE-603)085220418 |2 gnd | |
| 651 | 7 | |a Ostmitteleuropa |0 (DE-588)4075753-5 |0 (DE-603)085214485 |2 gnd | |
| 773 | 0 | 8 | |i Enthalten in |t Journal of historical geography |d Amsterdam [u.a.] : Elsevier, 1975- |h Online-Ressource |g Band 78 (2022), Seite 12-21 |w (DE-603)071811125 |w (DE-600)1469637-X |
| 856 | |u https://doi.org/10.1016/j.jhg.2022.08.001 | ||
| 924 | 1 | |9 2080 |a (DE-603)1262583950 |b DE-2080 |c HES |d d |g / | |


